000 00429cam a2200169 4500
001 D15200
008 090401t1971 xxu||||| |||| 00| 0 eng d
035 _a(Sirsi) u21009
041 _aeng
110 _aRoyal Institution of Chartered Surveyors
_94900
245 4 _aThe chartered surveyors and farm buildings
260 _bRICS
_c1971
350 _a0
520 _aFiled in box 1971/21 A
942 _n0
948 _c04/03/1997
999 _c87908
_d87908